| 000 | 00709nam a22002417a 4500 | ||
|---|---|---|---|
| 001 | 00562 | ||
| 003 | DO-SdBNP | ||
| 005 | 20240527114413.0 | ||
| 007 | 00562 | ||
| 008 | 160622b 2010 ag |||| 00| 0 spa d | ||
| 020 | _a9789870414216 | ||
| 040 |
_aBPMSU _bspa _cBPMSU |
||
| 082 | 4 |
_a808.83 _bC965m 2010 _222 |
|
| 245 | 1 | 0 |
_aCuentos de matrimonios / _cLeopoldo Alas... [y otros] ; prólogo Claudia Piñeiro |
| 260 |
_aArgentina : _bAlfaguara, _c2010. |
||
| 300 |
_a286 p. : _c24 cm. |
||
| 650 | 4 |
_aCuentos _vcolecciones |
|
| 650 | 4 |
_aMatrimonios _vCuentos |
|
| 700 | 1 |
_aPiñeiro, Claudia, _etraductor |
|
| 700 | 1 |
_aAlas, Leopoldo _eautor |
|
| 910 | _aVMateo V. Control de dalidad. BPMSU | ||
| 942 |
_2ddc _cBK |
||
| 999 |
_c10487 _d10487 |
||